| 000 | 00707nam a22002537a 4500 | ||
|---|---|---|---|
| 003 | CHAP | ||
| 005 | 20220329135627.0 | ||
| 008 | 971013s1960 r 00010 d | ||
| 010 | _a39575 | ||
| 011 | _a40547 | ||
| 035 | _a44673 | ||
| 040 | _cCHAP | ||
| 082 |
_a627.8 _bE8 |
||
| 110 |
_aE.U.A. Bureau of Reclamation _934862 |
||
| 245 | _aDesign of small dams | ||
| 260 |
_aWashington : _bGovernment Printing Office, _c1960 |
||
| 300 |
_a611 p. _b: ilus. |
||
| 590 |
_aBATCH-UPD _b10 _c20130110 _lUCH01 _h1422 |
||
| 590 |
_aCONVERSION _b10 _c20130109 _lUCH01 _h1322 |
||
| 650 | 1 | 4 |
_aPresas. _991480 |
| 901 | _aBK | ||
| 942 | _cLIBRO | ||
| 949 |
_a627.8 E8 _bBC _cLIBRO _d33724000022695 _eLIBRO _h42292 _i44673 _si |
||
| 999 |
_c39575 _d39575 |
||